Guía práctica de análisis de orinas para uso de médicos, farmacéuticos y químicos / (Record no. 86997)

MARC details
000 -LEADER
campo de control de longitud fija 00748nam a2200205 i 4500
001 - NÚMERO DE CONTROL
campo de control 86997
003 - IDENTIFICADOR DE NÚMERO DE CONTROL
campo de control ES-MaACL
005 - FECHA Y HORA DE LA ÚLTIMA TRANSACCIÓN
campo de control 20230906175553.0
007 - CAMPO FIJO DE DESCRIPCIÓN FÍSICA--INFORMACIÓN GENERAL
campo de control de longitud fija t|
008 - DATOS DE LONGITUD FIJA--INFORMACIÓN GENERAL
campo de control de longitud fija 041217s1930 sp ||||1| spa d
100 1# - ENTRADA PRINCIPAL--NOMBRE DE PERSONA
Nombre de persona Konya, Karl.
9 (RLIN) 164463
245 10 - MENCIÓN DEL TÍTULO
Título Guía práctica de análisis de orinas para uso de médicos, farmacéuticos y químicos /
Mención de responsabilidad, etc. por el Dr. Harl Konya ; traducido por el Dr. Enrique Moles Ormella.
250 ## - MENCION DE EDICION
Mención de edición 5ª ed. modernizada por el Ldo. F. Piñero.
260 ## - PUBLICACIÓN, DISTRIBUCIÓN, ETC.
Lugar de publicación, distribución, etc. Barcelona :
Nombre del editor, distribuidor, etc. Manuel Marín,
Fecha de publicación, distribución, etc. 1930 (
Fabricante Imp. La Neotipia)
300 ## - DESCRIPCIÓN FÍSICA
Extensión 422 p. :
Otras características físicas il. ;
Dimensiones 17 cm.
650 #4 - PUNTO DE ACCESO ADICIONAL DE MATERIA--TÉRMINO DE MATERIA
Término de materia o nombre geográfico como elemento de entrada Orina-
Subdivisión general Análisis.
9 (RLIN) 15774
700 1# - ENTRADA AGREGADA--NOMBRE PERSONAL
Nombre de persona Moles, Enrique (
Fechas asociadas al nombre 1883-1953)
9 (RLIN) 81864
700 1# - ENTRADA AGREGADA--NOMBRE PERSONAL
Nombre de persona Piñero, Francisco.
9 (RLIN) 92274
852 ## - LOCALIZACIÓN
Ubicación ES-MaACL
Número de control de estantería E-310
Holdings
Estatus retirado Estado de pérdida Estado de daño No para préstamo Biblioteca de origen Biblioteca actual Ubicación en estantería Fecha de adquisición Fuente de adquisición Total de préstamos Signatura topográfica completa Código de barras Visto por última vez Precio de reemplazo Tipo de ítem Koha
        Biblioteca del Ateneo de Madrid Biblioteca del Ateneo de Madrid Depósito 2 17/01/2008     E-310 1090895 23/02/2023 23/02/2023 Libro impreso